Statistics for Who Did it First? Canada or U.S. Edition

Click here to take the quiz!

General Stats

  • This quiz has been taken 19 times
  • The average score is 9 of 15

Answer Stats

QuestionAnswer% Correct
Abolish SlaveryCanada
84%
Canadian Football League or the National Football LeagueU.S.
84%
Women's Suffrage*Canada
79%
Chess GrandmasterU.S.
74%
Glacier National Park of Canada or Glacier National Park of U.S.Canada
68%
Nobel LaureateU.S.
68%
First Post-Secondary InstitutionU.S.
63%
Win a Stanley CupCanada
58%
Enter World War 1Canada
58%
Summit Mt. EverestU.S.
58%
Complete their Respective Transcontinental RailroadU.S.
53%
Host the Winter OlympicsU.S.
47%
Win a Formula 1 ChampionshipU.S.
47%
Parks Canada or National Park Service (U.S.)Canada
32%
Federal ProhibitionCanada
16%

Score Distribution

Percentile by Number Answered

Percent of People with Each Score

Your Score History

You have not taken this quiz